00781nab a2200229uuc4500001000800000005001700008008004100025035001200066035002100078040001300099041000800112100004100120245007800161650003300239650002600272650003400298650002800332650002400360700004100384700003300425773009300458114038120241023135645.0090504s2008 spa  a1140381 a(OCoLC)820467595 ccomduadb aspa10aBurgos Gil, Luisa Fernanda4auteaut14aLas tecnicas terapeuticas psicologicas como practicas sociales de control 7aControl (Psicología)2lemb aControl disciplinario 7aPsicologíavTeorías2lemb aPsiquiatria y filosofia aPoder disciplinario10aHerrera Santacruz, Melissa4auteaut10aToro Yepes, Eliana4auteaut0 tKatharsis (Envigado)gNúmero 05, Enero-Junio 2008, p. 18-36w621774x0124-78160159845